书目信息 |
| 题名: |
寒冷地区高层办公建筑节能整合设计研究
|
|
| 作者: | 刘立 , 刘丛红 , 琼斯, 著 | |
| 分册: | ||
| 出版信息: | 北京 中国建筑工业出版社 2018.08 |
|
| 页数: | 173页 | |
| 开本: | 26cm | |
| 丛书名: | ||
| 单 册: | ||
| 中图分类: | TU243 | |
| 科图分类: | ||
| 主题词: | 寒冷地区--han leng di qu--高层建筑--办公建筑--建筑设计--节能设计--中国 | |
| 电子资源: | ||
| ISBN: | 978-7-112-21943-8 | |
| 000 | 01564nam0 2200277 450 | |
| 001 | 012019001041 | |
| 005 | 20201005152703.25 | |
| 010 | @a978-7-112-21943-8@dCNY48.00 | |
| 100 | @a20181122d2018 em y0chiy50 ea | |
| 101 | 0 | @achi |
| 102 | @aCN@b110000 | |
| 105 | @aak a 000yy | |
| 200 | 1 | @a寒冷地区高层办公建筑节能整合设计研究@Ahan leng di qu gao ceng ban gong jian zhu jie neng zheng he she ji yan jiu@d= Research on integrative energy-efficient building design of high-rise office buildings in cold region@f刘立, 刘丛红, (英) 菲利普·琼斯著@Fliu li , liu cong hong , (ying) fei li pu ·qiong si zhu@zeng |
| 210 | @a北京@c中国建筑工业出版社@d2018.08 | |
| 215 | @a173页@c图@d26cm | |
| 300 | @a“十三五”国家重点研发计划项目 (项目编号: 2016YFC0700200) 国家自然科学基金资助项目 (项目编号: 51338006; 51178292) 住房城乡建设部建筑节能与科技司北京建筑大学2017年开放课题 (项目编号: UDC201703212) 国家国际科技合作专项项目 (项目编号: 2014DFE70210) 高等学校学科创新引智计划 (项目编号: B13011) | |
| 320 | @a有书目 (第168-173页) | |
| 330 | @a本书分析了标准中未涵盖或存在分歧的重要指标, 包括空间和表皮设计变量以及外窗太阳得热系数。 | |
| 510 | 1 | @aResearch on integrative energy-efficient building design of high-rise office buildings in cold region@zeng |
| 606 | 0 | @a寒冷地区@Ahan leng di qu@x高层建筑@x办公建筑@x建筑设计@x节能设计@y中国 |
| 690 | @aTU243@v5 | |
| 701 | 0 | @a刘立@Aliu li@4著 |
| 701 | 0 | @a刘丛红@Aliu cong hong@4著 |
| 701 | 1 | @a琼斯,@Aqiong si@b菲利普@4著 |
| 801 | 0 | @aCN@c20181122 |
| 905 | @a河南城建学院图书馆@b21424810-11@dTU243@eL643@f2 | |
| 寒冷地区高层办公建筑节能整合设计研究= Research on integrative energy-efficient building design of high-rise office buildings in cold region/刘立, 刘丛红, (英) 菲利普·琼斯著.-北京:中国建筑工业出版社,2018.08 |
| 173页:图;26cm |
| “十三五”国家重点研发计划项目 (项目编号: 2016YFC0700200) 国家自然科学基金资助项目 (项目编号: 51338006; 51178292) 住房城乡建设部建筑节能与科技司北京建筑大学2017年开放课题 (项目编号: UDC201703212) 国家国际科技合作专项项目 (项目编号: 2014DFE70210) 高等学校学科创新引智计划 (项目编号: B13011) |
| ISBN 978-7-112-21943-8:CNY48.00 |
| 本书分析了标准中未涵盖或存在分歧的重要指标, 包括空间和表皮设计变量以及外窗太阳得热系数。 |
| ● |
| 相关链接 |
|
|
|
正题名:寒冷地区高层办公建筑节能整合设计研究
索取号:TU243/L643
 
预约/预借
| 序号 | 登录号 | 条形码 | 馆藏地/架位号 | 状态 | 备注 |
| 1 | 1348832 | 213488322 | 建筑与城市规划学院资料室/ [索取号:TU243/L643] | 在馆 | |
| 2 | 1348879 | 213488796 | 建筑与城市规划学院资料室/ [索取号:TU243/L643] | 在馆 | |
| 3 | 1424810 | 214248107 | 建筑库101/101建筑库 68排2列2层/ [索取号:TU243/L643] | 在馆 | |
| 4 | 1424811 | 214248116 | 建筑库101/101建筑库 68排2列2层/ [索取号:TU243/L643] | 在馆 |